Shrinking Cities in California - Statistics

General Stats
  • This quiz has been taken 22 times
    15 since last reset
  • The average score is 5 of 16
Answer Stats
Population Growth Rate (%) City % Correct
310,227 -4.6 Santa Ana
90%
95,740 -0.7 Compton
50%
109,450 -3.7 El Monte
50%
102,773 -2.7 Norwalk
40%
82,868 -0.2 Alhambra
30%
107,762 -1.7 Inglewood
30%
72,176 -4.4 Baldwin Park
20%
51,428 -3.1 Delano
20%
54,883 -5.7 Huntington Park
20%
53,733 -0.7 Paramount
20%
51,185 -4.9 Rosemead
20%
92,726 -1.8 South Gate
20%
55,072 -0.9 Diamond Bar
10%
67,265 -3.6 Lynwood
10%
56,173 -4.1 National City
10%
62,088 -1.4 Pico Rivera
10%
No matching quizzes found
Score Distribution
Percent of People with Each Score
Percentile by Number Answered
Your Score History
You have not taken this quiz since the last reset